| 000 | 00469nam a2200169 i 4500 | ||
|---|---|---|---|
| 001 | 28831 | ||
| 003 | ES-MaACL | ||
| 005 | 20230906153933.0 | ||
| 007 | t| | ||
| 008 | 030120s1982 sp ||||1| spa d | ||
| 100 | 1 |
_aBarbancho, Alfonso G. _925380 |
|
| 245 | 1 | 0 |
_aPoblación, empleo y paro / _cAlfonso G. Barbancho. |
| 260 |
_aMadrid : _bPirámide, _c[1982] |
||
| 300 |
_a158 p. ; _c21 cm. |
||
| 651 | 4 |
_aEspaña- _xPoblación- _yS.XX. _98392 |
|
| 852 |
_aES-MaACL _jL-2850 |
||
| 999 |
_c28831 _d28831 |
||